MDQL
is popping MORE tags! Check the
thread
!
Quizzes
Events
Quiz Creation
Community
Videos
Private Events
Remove Ads
Sign In
Join for FREE
Feedback
Dark Mode
Quiz Categories
Sports
Geography
Music
Movies
Television
Just For Fun
Miscellaneous
History
Literature
Language
Science
Gaming
Entertainment
Religion
Holiday
For Kids
Quiz Lab
Recent
Popular Today
Quiz Kudos Today
Editor Picks
Curator Picks
Quizzes by...
Day
Popularity
Type
Ratings
Length
Year
Community
Subscriptions
Recent Discussions
Orange Saloon
Badges
Playlists
Quests
Create
Leaderboards
Showdown
Live 5
Trivia Bingo
Activity
Puzzle Library
Sporcle Events
Private Events
Virtual Trivia
Globe League
Become a Host
Pub Owners
SporcleCon
Opinionation
Our Games
Videos
Blog
Mobile Apps
Partnerships
Remove Ads and Go Orange
Feedback
Movies
Disney
Marvel Cinematic Universe
Movie Resume
Movie Titles
Oscar
Actor
Actress
Director
Pixar
Role
Movie Quotes
Movie Characters
Box Office
Nominee
Best Picture
Star Wars
James Bond
Horror Movies
Movies
Disney
Marvel Cinematic Universe
Movie Resume
Movie Titles
Oscar
Actor
Actress
Director
Pixar
Role
Movie Quotes
Movie Characters
Box Office
Nominee
Best Picture
Star Wars
James Bond
Horror Movies
Random Quiz
Search Sporcle
×
Quiz Lab
Quiz Lab
Movies
far
Type in answers that appear in a list
Type in answers that appear in a list
Classic
Best Score? Go Orange.
Anna Faris movies Stats
Can you name the Anna Faris movies?
By
jeanettata8611
8m
25 Questions
340 Plays
340 Plays
340 Plays
Comments
Comments
Give Quiz Kudos
Give Quiz Kudos
-
- Ratings
hide this ad
Replay
Link that replays current quiz
Next Quiz
Link to next quiz in quiz playlist
You Got
0%
They Got
Avg Score
29%
Avg Friend Score
Upgrade to see
Score Distribution
Jump to the score distribution portion of the page
Score
0/25
Timer
08:00
0
Plays Today
Character
Movie Title
% Correct
Cindy Campbell
Scary Movie
94.7%
Cindy Campbell
Scary Movie 2
93.8%
Cindy Campbell
Scary Movie 3
92.4%
Cindy Campbell
Scary Movie 4
88.8%
Shelley Darlingson
The House Bunny
79.4%
Samantha James
Just Friends
44.7%
April
The Hot Chick
32.4%
Sam Sparks
Cloudy with a Chance of Meatballs
32.4%
Brandi
Observe and Report
25.3%
Kelly
Lost in Translation
20.9%
Serena
Waiting...
20.9%
Lashawn Malone
Brokeback Mountain
19.1%
Jane F.
Smiley Face
18.2%
Character
Movie Title
% Correct
Hannah Lewis
My Super Ex-Girlfriend
17.6%
Polly
May
9.4%
Nora Flannigan
Mama's Boy
7.4%
Jannelle Bay
Lovers Lane
7.1%
Belle Scott
Southern Belles
6.2%
Dithy
Eden
4.4%
Cassie
Frequently Asked Questions About Time Travel
3.5%
Danielle/
Dr. Fields
The Spleenectomy
3.5%
Justine
Winter Break
3.2%
Jane Connelly
Spelling Bee
2.9%
Jane Conelly
Guilty Hearts
2.9%
Dawn
Skanks
2.4%
Quiz Playlist
Details
Report
Send in Message
Add To Playlist
Classic:
Type in answers that appear in a list
Quiz Source
Last Updated: Feb 16, 2017
Quiz Scoreboard
CHALLENGE
Sign Up to Join the Scoreboard
Show All
Scores
Hide
Comments
May contain spoilers
Recently Published
Colored Red Africa Blitz
by spor1
Geography
30s
Find the 'City' Movie
by crazypaving
Movies
60s
5x2 Blitz: Bands
by SL_Kpop136
Music
30s
More to Explore
Quiz From the Vault
Featured Blog Post
14 Easter Pick-up Lines to Find Eggs With
hide this ad
You Might Also Like...
Tags
anna
Anna Faris
Character
far
Today's Top Quizzes in Movies
Browse Movies
hide this ad
Top Contributed Quizzes in Movies
1
Find The 'Big' Movie
2
Find The 'Wild' Movie
3
Find The 'Blue' Movie
4
Movies By Plot
5
Hidden Star Wars Character II
6
Pick 5 Posters: Directed by Spielberg
7
Hidden Star Wars Character III
8
The ultimate James Bond movie quiz
9
Hidden Star Wars Character IV
10
25 Best Actor Nominees (1990s)
Explore More
Trending Topics
Anime
Harry Potter
NBA
Disney
Kpop
Crossword
Marvel
WWE
Song
The Office
NFL
Soccer
Pokémon
Puzzle
Country
hide this ad
More By:
jeanettata8611
Quiz
Plays
Rating
Category
Featured
Created
Jack Black Movies
41,744
4.20
Movies
Oct 12, 2009
Anna Faris movies
340
5.00
Movies
Oct 23, 2009
Go to Creator's Profile
Score Distribution
Quiz Creator Spotlight
jeanettata8611
Follow
Send a Message
Quizzes Created
-
Created Quiz Play Count
-
More By This Creator
Popular Quizzes Today
1
Colored Red Africa Blitz
2
Find the 'City' Movie
3
Find the US States - No Outlines Minefield
4
5x2 Blitz: Bands
5
The Countries of the World
6
Find the US States
7
US States
8
Find the Countries of Europe - No Outlines Minefield
More Movies Quizzes
One Subcategory in 15 Categories - Movie Characters
Curator's Pick
Trending Quizzes
Colored Red Europe Blitz I
Colored Red Europe Blitz II
Colored Red Africa Blitz II
Colored Red Europe Blitz III
Colored Red Africa Blitz III
Recently Updated
How Do You Spell That?
pecheneg
Godzilla Movies
pecheneg
Grab Bag: 4-10 Letters
pecheneg
2024 March Madness Bracket
pecheneg
Famous TV Couples
Peacemaker
Champions League XIs: Real Madrid
pecheneg
Largest US Cities 1790-2010
pecheneg
Rides in Walt Disney World
pecheneg
Most Oscar Losses (Acting)
pecheneg
Beyoncé Albums
pecheneg
Trending Topics
Marvel
Disney
NBA
Harry Potter
Anime
Kpop
Crossword
The Office
Country
Pokémon
Puzzle
Soccer
Song
NFL
WWE
Your Account Isn't Verified!
In order to create a playlist on Sporcle, you need to verify the email address you used during registration. Go to your
Sporcle Settings
to finish the process.
Report this User
Report this user for behavior that violates our
Community Guidelines
.
Details:
Send Report
Go to the Sporcle.com Mobile Site →
Comments